000
00227 a2200097 4500
001
27435
100
_a
Mesquita, B B D
245
_a
Strategy, Risk & personality in C Pol
260
_a
_b
Cambridge
_c
1975
090
_c
18229
_d
18229
942
_a
NUST-CAE
_c
M
_c
9146
999
_c
262508
_d
262508